LEADER 00847nam a2200193 i 4500 001 000000215674 003 CaOOAMICUS 005 20120903000000.0 008 120903s1782 it u000 u ita u 013 $a194549 026 $ai,c- 1.2. t.r- Enbi (3) 1782 (R) 040 $aSeMil$bita 245 10$aTomo 10. 300 $a408 p. 500 $aSegn. : A-2B8 2C4. 773 0 $aBergier, Nicolas-Sylvestre <1718-1790>$tTrattato storico, e dogmatico della vera religione, colla confutazione degli errori, che le sono stati opposti ne'differenti secoli. Del signor abbate Bergier ... Traduzione dal francese ... Tomo 1. [-12.].$dIn Venezia : Presso Gio: Antonio Pezzana, 1782.$g10$w()15880 850 $aSeMil 852 $aSeMil$W1$xVenegono$y1$m2B II 91 FA$j166094$B166094$CSeMilBibl$Z2$F177042 $8I 996 $6245$aTomo 10$9(OLS)http://semarc/title/194414 LEADER 01020nam a2200241 i 4500 001 000000080957 003 CaOOAMICUS 005 20180130000000.0 008 180130s1987 it u000 u ita u 013 $a53195 040 $aSeMil$bita 100 1 $aMarcel, Gabriel,$d<1889-1973>.$0(OLS)http://semarc/name/8895 245 14$aGli uomini contro l'umano /$cGabriel Marcel ; a cura di Enrico Piscione. 260 $aRoma :$bLogos,$c1987. 300 $a225 p. ;$c22 cm. 490 0 $aBiblioteca universale cristiana. Serie pocket ;$v46 650 4$aUomo - Filosofia.$0(OLS)http://semarc/subject/10134 700 1 $aPiscione, Enrico.$0(OLS)http://semarc/name/43432 830 0$aBUC : Biblioteca universale cristiana. Serie pocket ;$v46.$0(OLS)http://semarc/title/11447 850 $aSeMil 852 $aSeMil$W1$xVenegono$y1$m2P III 760$j46310$B46310$CSeMilBibl$Z2$F48554 $81 996 $6245$aGli uomini contro l'umano$9(OLS)http://semarc/title/404262 996 $6260$aRoma :$bLogos$9(OLS)http://semarc/publisher/31609